Films d’animation divers en emojis (2) - Statistiques

Statistiques générales
  • Ce quiz a été pris 46 fois
  • Le résultat moyen est 8 sur 26
Statistiques - réponses
Hint Réponse % Correct
🤥👃➡️➡️➡️ Pinocchio
78%
👸🏾🐸🍽 La princesse et la grenouille
73%
🐌⚡️ Turbo
73%
🧒🏼🟢🪐🦊🌹✨️ Le petit prince
65%
🐶⚡️📽 Volt
65%
👦🏾🪕🎶🏵 Coco
62%
😠🟩🎄❌️ Le grinch
49%
🧑🏻✊🏻👧🏻🍭🍬🎮 Les mondes de ralph
49%
👧🏾👽🏝💃 Lilo et Stitch
49%
👨🏻‍🔬🍝🌧🌪☄️ Tempête de boulettes géantes
38%
👧🏾🏞🍂🛶🦝 Pocahontas
32%
🐭🐭🪿✉️🆘️👧🏼🧸 Bernard et Bianca
27%
👩🏻‍🦰🐼⛩️🧧 Alerte rouge
24%
👦🏻🐉🐲🗡🛡 Dragons
22%
👧🏻🐃🟥 Ferdinand
19%
🤖🏞🦊🦆 Le robot sauvage
19%
🦹‍♂️🔵🧠 Megamind
16%
🐦😠🐖🟩 Angry birds
14%
👧🏻🧹📦🧙✨️ Kiki la petite sorcière
14%
💀⬛️🎃🎄🎅 L’étrange Noël de Mr Jack
14%
👨‍👩‍👧‍👦🦣🏞 Les croods
11%
👧🏻🐈‍⬛🗝🚪👨‍👩‍👧‍👦 Coraline
8%
😒🖐💩📲 Le monde secret des emojis
8%
🌍➡️💎🪙 La planète au trésor
3%
🐧🏄‍♂️ Les rois de la glisse
3%
🐺🌙➡️👱‍♀️🕯 Mune le gardien de la lune
0%
Aucun quiz correspondant
Distribution des résultats
% des personnes avec chaque résultat
Percentile par nombre de réponses
Votre historique - résultats
Vous n’avez pas pris ce quiz